Subdivisions administratives russes - Choix Multiple - Statistiques

Statistiques générales
  • Ce quiz a été pris 8 fois
  • Le résultat moyen est 6 sur 10
Statistiques - réponses
Question Réponse % Correct
République de Touva
100%
République du Daghestan
100%
Oblast de Novgorod
100%
République du Tatarstan
100%
Kraï de Primorie
50%
Oblast d'Amour
50%
Oblast de Koursk
50%
Kraï de Perm
0%
Okroug de Tchoukotka
0%
Kraï de l'Altaï
0%
Aucun quiz correspondant
Distribution des résultats
% des personnes avec chaque résultat
Percentile par nombre de réponses
Votre historique - résultats
Vous n’avez pas pris ce quiz